Meaning and change/ (Record no. 5605)
[ view plain ]
| 000 -LEADER | |
|---|---|
| fixed length control field | 00403nam a22001457a 4500 |
| 008 - FIXED-LENGTH DATA ELEMENTS--GENERAL INFORMATION | |
| fixed length control field | 191004b ||||| |||| 00| 0 eng d |
| 020 ## - INTERNATIONAL STANDARD BOOK NUMBER | |
| International Standard Book Number | 0631179305 |
| 082 ## - DEWEY DECIMAL CLASSIFICATION NUMBER | |
| Classification number | 3000 |
| 100 ## - MAIN ENTRY--PERSONAL NAME | |
| Personal name | Robertson, Roland. |
| 245 ## - TITLE STATEMENT | |
| Title | Meaning and change/ |
| 260 ## - PUBLICATION, DISTRIBUTION, ETC. (IMPRINT) | |
| Place of publication, distribution, etc. | Oxford: |
| Name of publisher, distributor, etc. | Basil Blackwell. |
| Date of publication, distribution, etc. | 1978. |
| 300 ## - PHYSICAL DESCRIPTION | |
| Extent | 284p.; |
| Other physical details | Includes bibliograhical references and index. |
| Dimensions | 21cm. |
| 650 ## - SUBJECT ADDED ENTRY--TOPICAL TERM | |
| Source of heading or term | Sociology |
| 942 ## - ADDED ENTRY ELEMENTS (KOHA) | |
| Source of classification or shelving scheme | Dewey Decimal Classification |
| Koha item type | Book |
| Withdrawn status | Lost status | Source of classification or shelving scheme | Damaged status | Not for loan | Home library | Current library | Date acquired | Source of acquisition | Inventory number | Total Checkouts | Full call number | Barcode | Date last seen | Price effective from | Koha item type |
|---|---|---|---|---|---|---|---|---|---|---|---|---|---|---|---|
| Dewey Decimal Classification | Main Library East Wing | Main Library East Wing | 04/10/2019 | Donation (Jarvis) | 0038910 | 300 ROB | GUL19100016 | 04/10/2019 | 04/10/2019 | Book |
